Primera jornada de ciencias administrativas: teorías y estilos de administración; aplicación de la República Dominicana (Registro nro. 10381)

Detalles MARC
000 -LEADER
fixed length control field 00610nam a22001811a 4500
001 - CONTROL NUMBER
control field 10381
003 - CONTROL NUMBER IDENTIFIER
control field OSt
005 - DATE AND TIME OF LATEST TRANSACTION
control field 20260204212156.0
008 - FIXED-LENGTH DATA ELEMENTS--GENERAL INFORMATION
fixed length control field 081211s1985||||dr ||||||b||||||||||spa||
050 ## - LIBRARY OF CONGRESS CALL NUMBER
Classification number RD 658.7293 A12p
110 ## - ASIENTO PRINCIPAL -- NOMBRE CORPORATIVO
Corporate name or jurisdiction name as entry element Academia de Ciencia de la República Dominicana
245 ## - TÍTULO PROPIAMENTE DICHO: SUBTÍTULO
Title Primera jornada de ciencias administrativas: teorías y estilos de administración; aplicación de la República Dominicana
264 ## - PRODUCTION, PUBLICATION, DISTRIBUTION, MANUFACTURE, AND COPYRIGHT NOTICE
Place of production, publication, distribution, manufacture Santo Domingo : Tiempo
300 ## - PHYSICAL DESCRIPTION
Extensión 227 p
490 ## - MENCIÓN DE SERIE
Series statement Colección ciencias administrativas Vol. 1
650 ## - ASIENTO SECUNDARIO DE MATERIA -- TERMINO TEMÁTICO
Termino Temático Como Elemento de Entrada Administración - República DominicanaÌ
942 ## - ADDED ENTRY ELEMENTS (KOHA)
Source of classification or shelving scheme Dewey Decimal Classification
Koha item type Libros
Existencias
Withdrawn status Lost status Source of classification or shelving scheme Damaged status Not for loan Current library Date acquired Full call number Barcode Date last seen Price effective from Koha item type
  Faltante/Extraviado Dewey Decimal Classification     Biblioteca UTECO 09/09/2019 RD 658.7293 A12P 014661 09/09/2019 09/09/2019 Libros
© 2021 Derechos Reservados UTECO - Teléfono: +1 809-585-2291 - Correo electrónico: biblioteca@uteco.edu.do​  
Código postal 43000 ​​
Dirección: Avenida Universitaria No. 100, 
Cotuí, Provincia Sánchez Ramírez, República Dominicana - RNC: 404-00059-6